000 01186nam a2200277 a 4500
003 OSt
005 20240731094141.0
007 cr ||||||a|c|a
008 231208s2020 mx a|||fom||| 001 0 spa d
040 _erda
100 1 _9188436
_aAguilar Alfaro, Yenifer
245 1 0 _aIdentificación de ácaros fitófagos en hierba mora (Solanum nigrum) /
_cpor Yenifer Aguilar Alfaro; director de tesis Ma. del Carmen Sánchez Gálvez.
264 _aChapingo, México :
_bEl autor,
_c2020.
300 _a1 recurso en línea (88 páginas):
_bfiguras, cuadros.
336 _2rdacontent
_atexto
_btxt
337 _2rdamedia
_acomputadora
_bc
338 _2rdacarrier
_arecurso en línea
_bcr
502 _bIAEPA
_cParasitología
_d2020.
_gLIC
504 _aIncluye referencias bibliográficas: páginas 58-67.
650 4 _986904
_aPepino
_xEnfermedades
650 4 _9130836
_aÁcaros fitófagos
_xIdentificación
650 4 _9188437
_aSolanum nigrum
_xEnfermedad por ácaros
700 _aSánchez Gálvez, Ma. del Carmen
_eDirector de tesis.
_9164748
856 _uhttp://10.13.5.2/tesis/tl/Aguilar_Alfaro_Yenifer.pdf
_zDESCARGAR PDF
942 _2Clasificación Universidad Autónoma Chapingo
_cTD
999 _c219507
_d219507